Inestabilidad de la tasa de cambio / (Registro nro. 8221)

Detalles MARC
000 -LEADER
fixed length control field 01848nam a2200277Ia 4500
003 - CONTROL NUMBER IDENTIFIER
control field OSt
005 - DATE AND TIME OF LATEST TRANSACTION
control field 20210802141948.0
008 - FIXED-LENGTH DATA ELEMENTS--GENERAL INFORMATION
fixed length control field 210310s1991 ck ad fr 000 0dspa d
020 ## - INTERNATIONAL STANDARD BOOK NUMBER
International Standard Book Number 9580414807
040 ## - CATALOGING SOURCE
Original cataloging agency CO-JMCR
Transcribing agency CO-JMCR
041 1# - LANGUAGE CODE
Language code of text/sound track or separate title spa
Language code of original eng
082 04 - DEWEY DECIMAL CLASSIFICATION NUMBER
Classification number 332.456 /
Item number K943i
Edition number 23
100 1# - MAIN ENTRY--PERSONAL NAME
Personal name Krugman, Paul R.,
9 (RLIN) 825
Relator term autor
245 10 - TITLE STATEMENT
Title Inestabilidad de la tasa de cambio /
Statement of responsibility, etc. Paul R. Krugman ; traducción de Álvaro Zerda
260 ## - PUBLICATION, DISTRIBUTION, ETC.
Place of publication, distribution, etc. Bogotá :
Name of publisher, distributor, etc. Norma,
Date of publication, distribution, etc. 1991
300 ## - PHYSICAL DESCRIPTION
Extent 102 páginas :
Other physical details ilustraciones y gráficas a blanco y negro ;
Dimensions 23 cm.
500 ## - GENERAL NOTE
General note Título original: Exchange-Rate Instability<br/>Incluye datos biográficos del autor.
504 ## - BIBLIOGRAPHY, ETC. NOTE
Bibliography, etc. note Bibliografía: páginas 101-102
505 0# - FORMATTED CONTENTS NOTE
Formatted contents note Condiciones para la flexibilidad de la tasa de cambio -- Desconexión entre la tasa de cambio y la realidad -- Mercados financieros y el sistema monetario internacional
520 3# - SUMMARY, ETC.
Summary, etc. Contra la opinión generalizada según la que el mundo actual presencia una progresiva integración perfecta de los mercados internacionales, Paul R. Krugman afirma que la situación es opuesta. Los mercados internacionales estaban mucho mejor integrados a comienzos de siglo. En torno a este planteamiento Krugman pone sobre el tapete las opciones para abordar el problema: tasas de cambio fijas o tasas de cambio flotantes.<br/>¿Puede el mercado regular las tasas de cambio de manera confiable? ¿Resulta más adecuado controlar y establecer tasas de cambio fijas? ¿Existe una opción intermedia? Krugman abre la discusión con claridad y lucidez, ofreciendo un campo de reflexión más amplio para detectar el problema y buscar soluciones.
546 ## - LANGUAGE NOTE
Language note Traducido del inglés.
650 14 - SUBJECT ADDED ENTRY--TOPICAL TERM
Topical term or geographic name entry element Tasa de cambio
9 (RLIN) 16669
650 24 - SUBJECT ADDED ENTRY--TOPICAL TERM
Topical term or geographic name entry element Sistema monetario internacional
9 (RLIN) 6486
700 1# - ADDED ENTRY--PERSONAL NAME
Personal name Zerda, Álvaro,
Relator term traductor
9 (RLIN) 38983
942 ## - ADDED ENTRY ELEMENTS (KOHA)
Source of classification or shelving scheme Dewey Decimal Classification
Koha item type Books
Existencias
Withdrawn status Lost status Source of classification or shelving scheme Damaged status Not for loan Collection code Home library Current library Date acquired Source of acquisition Full call number Barcode Date last seen Copy number Koha item type Public note
    Dewey Decimal Classification     Non-fiction Biblioteca Pública José María del Castillo y Rada Biblioteca Pública José María del Castillo y Rada 04/15/2018 Donación 332.456 / K943i 430002596 05/16/2024 Ej.1 Books Exilibris: Rubrica en portada con tinta verde.